000 01015nam0a2200265 4500
001 RU\NLR\ONL1\14879
005 20260407071102.0
035 _a(NLR Aleph) 009643620
090 _a9556482
_c9556482
100 _a20090727d1937 |||y0rusy50 ca
101 0 _amdf
102 _aRU
105 _aa |||||||||
200 1 _aБотаника
_eаф пяшксе сред. и сред. школань 5 и 6 класса тонафнемс
_fБ. В. Всесвятский
210 _aМ.
_cУчпедгиз
_d1937
215 _a190,[2] c.
_cил.
_d22
541 1 _aБотаника
_eучеб. для 5 и 6 кл. неполной сред. и сред. школы
_zrus
606 0 _aБотаника
_91200436
_3RU\NLR\auth\66167725
686 1 _aЕ5 я72
700 1 _4070
_7ca
_8rus
_aВсесвятский
_bБ. В.
_f1887-1987
_gБорис Васильевич
_3RU\NLR\AUTH\770244505
_9244449
801 0 _aRU
_bNLR
_c20090729
_gPSBO
852 _aNLR
_bОНЛ
_jМорд.м./3-20
942 _cBOOK
980 _aNB